| 000 | 00840nam a22002177a 4500 | ||
|---|---|---|---|
| 005 | 20100812114028.0 | ||
| 010 | _aENG-99860 | ||
| 020 |
_a9789380009025 _c1195.00 |
||
| 020 |
_a938000902X _c1195.00 |
||
| 035 | _aEN-83392 | ||
| 037 | _bDBAD/PUB | ||
| 082 | _a294.422 | ||
| 100 |
_aTater, Sohan Raj _911728 |
||
| 245 |
_aThe jaina doctrine of karma and the science of genetics / _cby Sohan Raj Tater |
||
| 260 |
_aNew Delhi _bReadworthy Publications _c2009 |
||
| 270 |
_bNew Delh _aA-18, Mohan Garden Near Nawada Metro Station _e11005906 |
||
| 300 |
_axxxv, 384p. _c22cm (Hb) |
||
| 500 | _aIncludes bibliographical references and index | ||
| 942 |
_2ddc _cEN _h294.422 _mTAT |
||
| 999 |
_c41290 _d41290 |
||